Jeux olympiques d'hiver Milan-Cortina 2026 - Tableau des médailles - Statistiques

Statistiques générales
  • Ce quiz a été pris 9 793 fois
  • Le résultat moyen est 17 sur 20
Statistiques - réponses
# Pays O A B Total % Correct
2 États Unis 12 12 9 33
99%
6 France 8 9 6 23
99%
1 Norvège 18 12 11 41
98%
4 Italie 10 6 14 30
97%
7 Suède 8 6 4 18
96%
12 Chine 5 4 6 15
95%
11 Canada 5 7 9 21
94%
5 Allemagne 8 10 8 26
93%
10 Japon 5 7 12 24
93%
8 Suisse 6 9 8 23
90%
18 Espagne 1 0 2 3
86%
3 Pays Bas 10 7 3 20
84%
15 Grande-Bretagne 3 1 1 5
81%
9 Autriche 5 8 5 18
79%
13 Corée du Sud 3 4 3 10
76%
14 Australie 3 2 1 6
74%
19 Brésil 1 0 0 1
69%
16 République Tchèque 2 2 1 5
58%
17 Slovénie 2 1 1 4
56%
19 Kazakhstan 1 0 0 1
41%
Aucun quiz correspondant
Distribution des résultats
% des personnes avec chaque résultat
Percentile par nombre de réponses
Votre historique - résultats
Vous n’avez pas pris ce quiz